Italian Brainrot - Emoji Quiz - Statistics

General Stats
  • This quiz has been taken 2,762 times
  • The average score is 6 of 9
Answer Stats
Hint Answer % Correct
๐ŸŠ๐Ÿ›ฉ Bombardiro Crocodilo
81%
๐Ÿ˜๐ŸŒต๐Ÿฉดโฐ๏ธ Lirili Larila
79%
๐Ÿฆˆ๐Ÿ‘Ÿ Tralalelo Tralala
79%
๐Ÿชต๐Ÿ‘€๐Ÿ Tung Tung Tung Sahur
76%
๐ŸŒณ๐Ÿต๐Ÿฆถ Brr Brr Patapim
74%
๐Ÿ˜ธ๐Ÿฆ Trippi Troppi
71%
๐Ÿฆ๐ŸŒ Chimpanzini Bananini
61%
๐Ÿชฟ๐Ÿ›ฉ Bombombini Gusini
57%
๐Ÿ‰๐ŸŠ Glorbo Fruttodrillo
45%
No matching quizzes found
Score Distribution
Percent of People with Each Score
Percentile by Number Answered
Your Score History
You have not taken this quiz